00665cam a22002294a 4500001000500000005001700005020001800022040002300040050001500063082000900078100001600087245005300103260004000156300003800196490001700234490004200251505000800293520006400301521002000365521002000385655003000405110520230831095159.0 a9780439680677 aDLCcDLCdDLCbeng00aPZ7.M47396 aFic 1 aMazer, Anne10aThats the way the cookie crumbles /cAbby Mazer. aNew York :bScholastic Inc.,c2005. a119 pages ;c20 cmbillustrations0 aApple series1 aAmazing days of Abby Hayes ;vBook 16 aN  aAbby Hayes breaks her school's rules by having a bake sale. a570 bLexile  aN bRaz-Plus  7aChildren's stories.2lcsh